Największe miasta na Litwie - Statystyki

Ogólne statystyki
  • Ten quiz został rozwiązany 1 184 razy
  • Średni wynik to 5 z 10
Statystyki odpowiedzi
Miasto Liczba ludności % Poprawnych
Wilno 539 939
100%
Kowno 304 097
93%
Kłajpeda 157 350
81%
Szawle 105 653
42%
Poniewież 96 345
40%
Mariampol 39 542
35%
Olita 56 364
27%
Możejki 36 278
16%
Uciana 28 391
14%
Janów 34 056
6%
Nie znaleziono quizów pasujących do podanych kryteriów
Rozkład punktacji
Procent ludzi z każdym wynikiem
Percentyl według liczby udzielonych odpowiedzi
Twoja historia wyników
Nie rozwiązałeś tego quizu